Gender socialization and the making by gender in (Record no. 1851169)

MARC details
000 -LEADER
fixed length control field 00568nam a22001937a 4500
005 - DATE AND TIME OF LATEST TRANSACTION
control field 20260511121720.0
008 - FIXED-LENGTH DATA ELEMENTS--GENERAL INFORMATION
fixed length control field 260511b |||||||| |||| 00| 0 eng d
037 ## - SOURCE OF ACQUISITION
Terms of availability DSWL
040 ## - CATALOGING SOURCE
Original cataloging agency DSWL
Transcribing agency DSWL
041 ## - LANGUAGE CODE
Language code of original eng
084 ## - COLON CLASSIFICATION NUMBER
Classification number Y1.2 Q8
100 ## - MAIN ENTRY--PERSONAL NAME
Personal name Chattopadhyay, Sujit Kumar
9 (RLIN) 1238955
245 ## - TITLE STATEMENT
Title Gender socialization and the making by gender in
260 ## - PUBLICATION, DISTRIBUTION, ETC.
Place of publication, distribution, etc. New Delhi,
Name of publisher, distributor, etc. Sage Publication,
Date of publication, distribution, etc. 2018
300 ## - PHYSICAL DESCRIPTION
Extent 273p
365 ## - TRADE PRICE
Price type code INR
Price amount 895
942 ## - ADDED ENTRY ELEMENTS (KOHA)
Source of classification or shelving scheme Colon Classification (CC)
Koha item type Textual
Classification part Y1.2 Q8
Suppress in OPAC No
Holdings
Withdrawn status Lost status Source of classification or shelving scheme Damaged status Not for loan Home library Current library Date acquired Source of acquisition Cost, normal purchase price Total Checkouts Full call number Barcode Date last seen Price effective from Koha item type
    Colon Classification (CC)     Department of Social Work Library Department of Social Work Library 2026-05-11 Classic Book Service 895.00   Y1.2 Q8 SW0032445 2026-05-11 2026-05-11 Textual
Copyright @ Delhi University Library System